000 00430nam a2200157Ia 4500
008 210716s2008 xx 000 0 und d
020 _a9788120335998
041 _aeng
082 _a658.4012 SRIR
100 _aSrinivasan, R.
245 _aStrategic management: the Indian context.
_bIndian context
250 _a4
260 _aNew Delhi
_bPHI Learning Pvt Ltd
_c2008
300 _axviii,330
650 _aStrategic Management
999 _c208311
_d208311